000 00561nam a2200217Ia 4500
008 101110s9999 xx 000 0 und d
041 _aENGLISH
082 _bFR97
100 _aBasak Ranjan Kumar
245 _aFertilizers: a text book
260 _c2002
_bKalyani publication, Ludhiana
300 _a325
365 _b110
520 _aDry-land Agriculture
546 _aENGLISH
630 _aFertilizers: a text book
650 _aDry-land Agriculture
655 _aDry-land Agriculture
730 _aFertilizers: a text book
942 _cBOOK
999 _c793251
_d793248